| 000 | 00977cab a2200337 4500 | ||
|---|---|---|---|
| 001 | ABS51714 | ||
| 008 | 090401t1994 xxu||||| |||| 00| 0 eng d | ||
| 035 | _a(Sirsi) u41334 | ||
| 041 | _aeng | ||
| 245 | _aCentrefolio: Greater Manchester | ||
| 260 | _c1994 | ||
| 350 | _a0 | ||
| 490 |
_aProperty Week _v49(8) 24 November 1994, 57-99(11) |
||
| 650 | _aCASTLETON | ||
| 650 | _aGREATER MANACHESTER | ||
| 650 | _aHEYWOOD | ||
| 650 | _aINDUSTRIAL MARKET | ||
| 650 |
_aInfrastructure _96246 |
||
| 650 | _aMANCHESTER | ||
| 650 | _aPROPERTY-COMMERCIAL PROPERTY-OFFICE PROPERTY-OFFICE PROPERTY MARKET | ||
| 650 | _aRAILWAY STATIONS | ||
| 650 | _aPROPERTY-COMMERCIAL PROPERTY-RETAIL PROPERTY-RETAIL PROPERTY MARKET | ||
| 650 | _aSALFORD QUAYS | ||
| 650 | _aSALFORD | ||
| 650 | _aTRAFFORD PARK | ||
| 650 | _aTRANSPORT | ||
| 650 | _aVICTORIA STATION | ||
| 690 | _aPROPERTY-COMMERCIAL PROPERTY-COMMERCIAL PROPERTY MARKET | ||
| 942 | _n0 | ||
| 948 | _c04/03/1997 | ||
| 999 |
_c26565 _d26565 |
||